Central Library OPAC University of Rajshahi
Normal view MARC view

Entry Personal Name

Number of records used in: 2

001 - CONTROL NUMBER

  • control field: 17392

003 - CONTROL NUMBER IDENTIFIER

  • control field: BD-RjUL

005 - DATE AND TIME OF LATEST TRANSACTION

  • control field: 20251126125927.0

008 - FIXED-LENGTH DATA ELEMENTS

  • fixed length control field: 251126|| aca||aabn | a|a d

040 ## - CATALOGING SOURCE

  • Original cataloging agency: BD-RjUL
  • Transcribing agency: BD-RjUL

100 ## - HEADING--PERSONAL NAME

  • Personal name: Ovid,
  • Dates associated with a name: 43 B.C.-17 A.D. or 18 A.D.
  • General subdivision: Translations into English

670 ## - SOURCE DATA FOUND

  • Source citation: Work cat.: (BD-RjUL)86002: Ovid 17391, Ovid :, 1929, [reprinted 1947]